Employee relations in the public services themes and issues /

Bibliographic Details
Corporate Author: ProQuest (Firm)
Other Authors: Corby, Susan, 1941-, White, Geoff, 1949-
Format: Electronic eBook
Language:English
Published: London ; New York : Routledge, 1999.
Series:Routledge studies in employment relations.
Subjects:
Online Access:Click to View
LEADER 01554nam a2200409Ia 4500
001 EBC168899
003 MiAaPQ
005 20200520144314.0
006 m o d |
007 cr cn|||||||||
008 980715s1999 enk sb 001 0 eng d
010 |z  98036487  
020 |z 020302916X 
020 |z 0415174449 (hc.) 
020 |z 0415174457 (pbk.) 
035 |a (MiAaPQ)EBC168899 
035 |a (Au-PeEL)EBL168899 
035 |a (CaPaEBR)ebr10054849 
035 |a (CaONFJC)MIL33700 
035 |a (OCoLC)613612653 
040 |a MiAaPQ  |c MiAaPQ  |d MiAaPQ 
050 4 |a HD8005.2.G7  |b E48 1999 
082 0 4 |a 331/.04135141  |2 21 
245 0 0 |a Employee relations in the public services  |h [electronic resource] :  |b themes and issues /  |c edited by Susan Corby and Geoff White. 
260 |a London ;  |a New York :  |b Routledge,  |c 1999. 
300 |a x, 238 p. 
490 1 |a Routledge studies in employment relations 
504 |a Includes bibliographical references and index. 
533 |a Electronic reproduction. Ann Arbor, MI : ProQuest, 2015. Available via World Wide Web. Access may be limited to ProQuest affiliated libraries. 
650 0 |a Employee-management relations in government  |z Great Britain. 
650 0 |a Industrial relations  |z Great Britain. 
655 4 |a Electronic books. 
700 1 |a Corby, Susan,  |d 1941- 
700 1 |a White, Geoff,  |d 1949- 
710 2 |a ProQuest (Firm) 
830 0 |a Routledge studies in employment relations. 
856 4 0 |u https://ebookcentral.proquest.com/lib/matrademy/detail.action?docID=168899  |z Click to View